000 00642cam a22002293a 4500
001 38269
003 PGUSA
005 20140828083838.0
008 111211s2011||||xxu|||||s|||||000 | eng d
040 _aPGUSA
_beng
042 _adc
050 4 _aDS
100 1 _aBarrows, David P.,
_d1873-1954
245 1 2 _aA History of the Philippines
_h[electronic resource] /
_cDavid P. Barrows
260 _bProject Gutenberg,
_c2011
506 _aPublic domain in the USA.
516 _aElectronic text
653 _aPhilippines -- History
830 0 _aProject Gutenberg
_v38269
856 4 0 _uhttp://www.gutenberg.org/ebooks/38269
942 _cEB
999 _c267523
_d267523